书目信息 |
| 题名: |
实用英语教程 第三册
|
|
| 作者: | 袁书华 , 张武萍 主编 | |
| 分册: | ||
| 出版信息: | 武汉 武汉工业大学出版社 1999.08 |
|
| 页数: | 180页 | |
| 开本: | 26cm | |
| 丛书名: | ||
| 单 册: | ||
| 中图分类: | H31-43 | |
| 科图分类: | ||
| 主题词: | 英语 | |
| 电子资源: | ||
| ISBN: | 7-5629-1384-6 | |
| 000 | 00590nam0 2200193 45 | |
| 001 | 0101051659 | |
| 005 | 20010105164218.0 | |
| 010 | @a7-5629-1384-6@dRMB 12.00 | |
| 100 | @a20010105d1999 km y0chiy0120 ea | |
| 101 | 0 | @achi |
| 200 | 1 | @a实用英语教程 第三册@Ashi yong ying yu jiao cheng di san ce@f袁书华,张武萍主编@FYuan Shu Hua,Zhang Wu Ping Zhu Bian |
| 210 | @a武汉@c武汉工业大学出版社@d1999.08 | |
| 215 | @a180页@d26cm | |
| 606 | 0 | @a英语 |
| 690 | @aH31-43@v3 | |
| 701 | 0 | @a袁书华@4主编 |
| 701 | 0 | @a张武萍@4主编 |
| 801 | @aCN@bPftUser@c20010105 | |
| 905 | @dH31-43@eL909:3@b519130-132@f3 | |
| 实用英语教程 第三册/袁书华,张武萍主编.-武汉:武汉工业大学出版社,1999.08 |
| 180页;26cm |
| ISBN 7-5629-1384-6:RMB 12.00 |
| ● |
| 相关链接 |
|
|
|
正题名:实用英语教程 第三册
索取号:H31-43/L909:3
 
预约/预借
| 序号 | 登录号 | 条形码 | 馆藏地/架位号 | 状态 | 备注 |
| 1 | 362629 | 203626291 | 语言库209/209语言库 93排3列1层/ [索取号:H31-43/L909:3] | 在馆 | |
| 2 | 519130 | 205191308 | 语言库209/209语言库 93排3列1层/ [索取号:H31-43/L909:3] | 在馆 | |
| 3 | 519131 | 205191317 | 语言库209/209语言库 93排3列1层/ [索取号:H31-43/L909:3] | 在馆 | |
| 4 | 519132 | 205191326 | 语言库209/209语言库 93排3列1层/ [索取号:H31-43/L909:3] | 在馆 |